000 00638nam a2200229 a 4500
001 BRCA_6092
005 20190320205330.0
008 200611s1910----fr-#######---#000-0#fre-#
041 _afre
044 _afr
050 4 _aPQ2378 .O3
_b.A84 1910
100 1 _aOhnet, Georges
_d1848-1918.
_915406
245 1 0 _aL’aventure de Raymond Dhautel.
_cGeorges Ohnet.
250 _a15
260 _aParís
_bSociété d´éditions littéraires et artistiques
_c1910
300 _a318 p.
_c18 cm.
500 _aEstado físico: Cubierta desprendida
500 _aK3
650 1 4 _aLiteratura francesa
_915407
902 _aGFM
942 _2lcc
_cB
999 _c5779
_d5779